Cabell's directory of publishing opportunities in management Vol-II, H through I (Record no. 195597)

MARC details
000 -LEADER
fixed length control field 00555nam a2200169Ia 4500
005 - DATE AND TIME OF LATEST TRANSACTION
control field 20250529083244.0
008 - FIXED-LENGTH DATA ELEMENTS--GENERAL INFORMATION
fixed length control field 231217s9999 xx 000 0 und d
020 ## - INTERNATIONAL STANDARD BOOK NUMBER
International Standard Book Number 9780911753158
082 ## - DEWEY DECIMAL CLASSIFICATION NUMBER
Classification number 658 CAB;2 R
100 ## - MAIN ENTRY--PERSONAL NAME
Personal name Cabell, David W E. Louisiana, Lake Charles. Deborah L ed.
245 #0 - TITLE STATEMENT
Title Cabell's directory of publishing opportunities in management Vol-II, H through I
250 ## - EDITION STATEMENT
Edition statement 8th ed.
260 ## - PUBLICATION, DISTRIBUTION, ETC. (IMPRINT)
Date of publication, distribution, etc. 2002
Name of publisher, distributor, etc. Cabell Pub.
Place of publication, distribution, etc. Texas
300 ## - PHYSICAL DESCRIPTION
Extent 841
650 ## - SUBJECT ADDED ENTRY--TOPICAL TERM
Topical term or geographic name as entry element Cabell's,directory,publishing,opportunities,management,Vol-II,,H
942 ## - ADDED ENTRY ELEMENTS (KOHA)
Koha item type Books
Holdings
Date last seen Total Checkouts Full call number Accession number Old discount Price effective from Category Public note Lost status Damaged status Department Withdrawn status bill date Permanent Location Current Location Shelving location Entry date Grants Currency symbol Conversion rate Discount Discount type
26/01/2024   658 CAB;2 R 86820   26/01/2024 Books Donated by MBA     Central Library   07/06/2022 Central Library Central Library Central Library 26/07/2013 DONATED RS 1   Rupees

© For any Suggestions or Query, please contact the library staff @ librarian@pes.edu or Phone: +9180 2672 1983/ 2108.